[Event "Sampa Chess Open 2024"]
[Site "Sao Paulo"]
[Date "2024.01.30"]
[Round "2.28"]
[White "Pironti, Francisco Ferrari"]
[Black "Brujin, Homero"]
[Result "1-0"]
[WhiteElo "1953"]
[BlackElo "1479"]
[PlyCount "83"]
[EventDate "2024.01.29"]
[EventRounds "9"]
[EventCountry "BRA"]

1. e4 c5 2. Nf3 e6 3. b3 d6 4. Bb2 Nf6 5. Nc3 Be7 6. d4 cxd4 7. Nxd4 O-O ({RR} 
7... a6 8. g3 b5 9. a3 Bb7 10. Bg2 O-O 11. O-O Qc7 12. h3 Nc6 13. Nde2 Rfd8 14.
Qd2 Rab8 15. g4 h6 16. Rad1 b4 17. axb4 Nxb4 18. Nf4 Rbc8 19. Qe2 a5 20. Rfe1
Ne8 21. Nd3 Ba6 22. Qd2 {Magem Badals,J (2510)-Hernandez,G (2505) Cuba 1993
0-1 (72)}) 8. Be2 ({RR} 8. Qd2 a6 9. O-O-O b5 10. Bd3 Bb7 11. Rhe1 b4 12. Na4
d5 13. e5 Ne4 14. Bxe4 dxe4 15. Kb1 Qc7 16. Qe3 Nd7 17. f4 Nc5 18. f5 Nxa4 19.
bxa4 Rac8 20. f6 gxf6 21. Qh6 fxe5 22. Re3 exd4 {Melnikov,D (2207)-Kabanov,N 
(2481) St Petersburg RUS 2018 1/2-1/2 (35)}) 8... Nbd7 9. O-O a6 $146 ({RR} 
9... Nc5 10. Bf3 a6 11. a4 Qc7 12. Re1 Rd8 13. Qe2 Bf8 14. Qe3 e5 15. Nde2 Be6
16. Red1 Rac8 17. Ng3 g6 18. Nf1 Bd7 19. a5 Bc6 20. Nd2 Bg7 21. Nc4 Ne6 22. Nb6
Rb8 23. Ne2 Nc5 24. Ng3 {Antipov,M (2538)-Laurusas,T (2429) Khanty-Mansiysk
2015 1-0 (60)}) 10. Kh1 Qc7 11. a4 b6 12. f4 Bb7 13. Bf3 Rad8 14. Qe2 Rfe8 15.
e5 Bxf3 16. Nxf3 dxe5 17. fxe5 Ng4 18. Qxa6 Bb4 19. Na2 Qxc2 20. Nxb4 Qxb2 21.
Nc6 Ra8 22. Qb7 Ne3 23. Rg1 Nf8 24. Qxb6 Nd5 25. Qb5 Ng6 26. Rab1 Qf2 27. Rgf1
Qe3 28. Rbe1 Qc3 29. Ng5 Ngf4 30. Ne4 Qc2 31. Rf2 Qd3 32. Nd6 Qxb5 33. axb5 Nd3
34. Nxe8 Nxf2+ 35. Kg1 Nd3 36. Rd1 Nxe5 37. Nd6 Ng4 38. Nc4 Nc3 39. b6 Nxd1 40.
b7 Rf8 41. Ne7+ Kh8 42. Nc8 1-0

[Event "Sampa Chess Open 2024"]
[Site "Sao Paulo"]
[Date "2024.01.30"]
[Round "2.29"]
[White "Regiani, Rafael"]
[Black "Sanches De Carvalho, Fabio"]
[Result "0-1"]
[WhiteElo "1476"]
[BlackElo "1838"]
[PlyCount "100"]
[EventDate "2024.01.29"]
[EventRounds "9"]
[EventCountry "BRA"]

1. e4 c5 2. Nf3 Nc6 3. d4 cxd4 4. Nxd4 d6 5. Bc4 Nf6 6. Nc3 a6 7. Nxc6 bxc6 8.
O-O ({RR} 8. e5 Ng4 9. e6 f5 10. Qf3 Qc7 11. Qxf5 Nf6 12. O-O g6 13. Qh3 Bg7
14. Bh6 O-O 15. Rae1 d5 16. Bd3 Nh5 17. Bxg7 Nxg7 18. Qe3 Rb8 19. Na4 Nxe6 20.
c4 Nf4 21. Bc2 Bf5 22. Bxf5 Rxf5 {Zambrana,O (2404)-Granda Zuniga,J (2641) Sao
Paulo 2003 1/2-1/2 (32)}) 8... e6 ({RR} 8... g6 9. Be3 Bg7 10. e5 Ng4 11. exd6
exd6 12. Bf4 Ne5 13. Bxe5 Bxe5 14. f4 Bxc3 15. bxc3 O-O 16. Qf3 d5 17. Bd3 f5
18. Kh1 Qd6 19. c4 d4 20. Rfd1 Be6 21. c3 c5 22. cxd4 cxd4 23. Re1 {Fihla,L 
(1483)-Yu,C (1518) Bloemfontein 2016 1-0 (49)}) 9. f4 $146 ({RR} 9. f3 Be7 10.
Bg5 O-O 11. Qd2 d5 12. Bxf6 Bxf6 13. exd5 cxd5 14. Bb3 Bd7 15. Rfd1 Rc8 16.
Rab1 Qc7 17. Ne2 Rfd8 18. g3 Qb7 19. Qc1 Bb5 20. Nd4 Qb6 21. c3 e5 22. Kg2 exd4
23. cxd4 Rxc1 {Oltman,Z-Badiu,A Eforie Nord 2001 0-1 (54)}) 9... Be7 10. e5 Nd5
11. Nxd5 cxd5 12. Bd3 Qb6+ 13. Kh1 g6 14. b3 Bf8 15. Ba3 Bd7 16. c4 dxc4 17.
Bxc4 d5 18. Bxf8 Kxf8 19. Bd3 Bb5 20. a4 Bc6 21. Rc1 Kg7 22. Rf3 Rhc8 23. h4 h5
24. Rg3 Qf2 25. Qf3 Qxf3 26. Rxf3 d4 27. Rg3 Bxg2+ 28. Kxg2 Rxc1 29. f5 exf5
30. Bxf5 Kf8 31. Bd3 Rac8 32. e6 R8c6 33. exf7 Kxf7 34. Bc4+ Kg7 35. Rd3 Rd6
36. Rf3 Rc2+ 37. Kf1 Rf6 38. Rxf6 Kxf6 39. Bxa6 Rb2 40. Bc4 g5 41. hxg5+ Kxg5
42. a5 Kf4 43. a6 Kf3 44. Bd5+ Ke3 45. a7 Rf2+ 46. Kg1 Ra2 47. a8=Q Rxa8 48.
Bxa8 d3 49. Kg2 h4 50. Bf3 h3+ 0-1

[Event "Sampa Chess Open 2024"]
[Site "Sao Paulo"]
[Date "2024.01.30"]
[Round "2.30"]
[White "Ikejiri, Daniel Yoshito"]
[Black "Usui, Gabriella Yumi"]
[Result "1-0"]
[WhiteElo "1916"]
[BlackElo "1448"]
[PlyCount "59"]
[EventDate "2024.01.29"]
[EventRounds "9"]
[EventCountry "BRA"]

1. e4 {Ftacnik,L} c5 2. Nf3 d6 3. d4 cxd4 4. Nxd4 Nf6 5. Nc3 a6 6. Be3 e5 7.
Nb3 Be6 8. f3 Be7 9. Qd2 Nbd7 10. O-O-O h5 11. h3 ({RR} 11. Kb1 Qc7 12. h3 ({RR
} 12. Bd3 b5 13. Bg5 Nb6 14. f4 Rb8 15. Rhe1 Nc4) 12... b5 13. Bd3 h4 14. f4
Rc8 ({RR} 14... Nb6 15. Bxb6 Qxb6 16. Rhe1 O-O) 15. Rhe1 g6 16. Qf2 Qb7 17. Na5
Qb8 18. f5 gxf5 19. exf5 Bc4 20. Nxc4 bxc4 21. Be4 Nxe4 22. Nxe4) 11... b5 ({RR
} 11... Qc7 12. Bd3 h4 ({RR} 12... O-O 13. g4 Nb6 14. Kb1) 13. f4 b5 14. Rhe1 (
{RR} 14. f5 Bc4 15. a3 O-O 16. Qe1 d5) 14... Rb8 ({RR} 14... exf4 15. Bxf4 O-O
16. Bg5 Ne5 17. Bxh4 b4 18. Ne2 a5) 15. Kb1 ({RR} 15. f5 Bc4 16. Qe2 b4 17. Nb1
Bxd3 18. Qxd3 O-O) 15... Nb6 16. Qf2 b4 17. Ne2 ({RR} 17. Nd5 Nbxd5 18. exd5
Nxd5 19. fxe5 dxe5 20. Bc5 Nf4 ({RR} 20... Nc3+ 21. bxc3 Bxb3 22. cxb3 Bxc5 23.
Qf5) 21. Bxe7 Kxe7 22. Nc5) 17... Nc4 18. Nd2 ({RR} 18. Bc1 a5 19. f5 Bd7 20.
Nd2 Nxd2+ 21. Bxd2 a4) 18... Nxe3 ({RR} 18... Nxd2+ 19. Bxd2 a5) 19. Qxe3 a5
20. b3 a4 21. Bc4 ({RR} 21. f5 Bd7 22. g4 hxg3 23. Qxg3 Rh7) 21... axb3 22.
cxb3 ({RR} 22. axb3 Ra8) 22... Bd7 ({RR} 22... O-O 23. Rc1 Qb7 24. Bxe6 fxe6
25. Rc2 Nh5 26. fxe5 dxe5) 23. Nf3 O-O ({RR} 23... Qb6 24. Qxb6 Rxb6 25. fxe5
Nxe4 26. Rd4) 24. fxe5 dxe5 25. Nxh4 ({RR} 25. Rc1 Qa5 26. Nxh4 Ra8 27. Rc2
Rfc8) 25... Bc6 ({RR} 25... Bc5 26. Qf3 Ra8 27. Nf5) 26. Ng3 {Svidler,P (2728)
-Topalov,V (2783) Morelia/Linares 2007 CBM 117 [Ftacnik,L] 1/2-1/2 (38)} ({RR} 
26. Rc1 Nxe4 27. Bd5 Bxh4 28. Rxc6 Qd7 29. Rd1 Nf2 30. Rd2 Qf5+)) ({RR} 11...
Rc8 12. Be2 ({RR} 12. f4 b5 13. Bd3 Bc4 14. Kb1 Qc7 15. Rhf1 h4 16. Rf2 O-O 17.
Rg1 b4 18. Nd5 Nxd5 19. exd5 Bxd3 20. Qxd3 Nf6 21. Rd1 Rfd8 22. Qxa6) 12... h4
13. f4 ({RR} 13. Kb1 b5 14. Rhe1 Nb6 15. Bxb6 Qxb6 16. f4 O-O 17. Bf3 Rc4 18.
Qd3 Rfc8 19. fxe5 dxe5 20. Nd5 Bxd5 21. exd5 Bd6 22. c3 g6) 13... b5 14. Bf3 b4
15. Ne2 a5 16. Kb1 Qc7 17. Rhe1 a4 18. Nbc1 Qb7 19. Ng1 Nxe4 20. Bxe4 Qxe4 21.
fxe5 b3) 12. Kb1 Nb6 13. Na5 $146 ({RR} 13. Qf2 Nc4 14. Bxc4 bxc4 15. Nc5 Qa5
16. Nxe6 fxe6 17. Bb6 {1-0 (17) Stoinev,M (2302)-Kolev,V Velingrad 2004}) ({RR
} 13. g3 Nc4 14. Bxc4 bxc4 15. Nc1 Rb8 16. f4 exf4 17. gxf4 Qa5 18. e5 dxe5 19.
fxe5 Qxe5 20. Bf4 Rxb2+ 21. Kxb2 Qa5 22. N1e2 O-O 23. Ka1 Bb4 24. Rhg1 Ne4 25.
Qd4 Bxc3+ 26. Nxc3 Qxc3+ 27. Qxc3 Nxc3 {Skuhala,B (2063)-Zainullina,N (2099)
chess.com INT 2021 1-0 (43)}) 13... Qc7 14. Bxb6 Qxb6 15. Nd5 Nxd5 16. exd5 Bf5
17. Nc6 Bd8 18. Bd3 Bd7 19. Rhe1 O-O 20. g4 Bh4 21. Re2 Bxc6 22. dxc6 Bg3 23.
Qg5 h4 24. Be4 Rad8 25. c3 Qc7 26. Qf5 g6 27. Qf6 Rfe8 28. Bd5 Qe7 29. Qxg6+
Kh8 30. Bxf7 1-0

[Event "Sampa Chess Open 2024"]
[Site "Sao Paulo"]
[Date "2024.01.30"]
[Round "2.31"]
[White "Ruvieri, Daniel Minami"]
[Black "Hirota Da Silva, Nilton"]
[Result "1/2-1/2"]
[WhiteElo "1437"]
[BlackElo "1827"]
[PlyCount "39"]
[EventDate "2024.01.29"]
[EventRounds "9"]
[EventCountry "BRA"]

1. e4 d5 2. exd5 Qxd5 3. Nc3 Qd8 4. Nf3 Nf6 5. d4 c6 6. Bc4 e6 7. Bg5 Be7 8.
O-O O-O 9. Qe2 Nbd7 10. Rad1 Nb6 11. Bb3 $146 ({RR} 11. Bd3 Nbd5 12. Ne4 Nxe4
13. Qxe4 f5 14. Qh4 Bxg5 15. Qxg5 Qxg5 16. Nxg5 h6 17. Nf3 Bd7 18. Rfe1 Rae8
19. Ne5 Bc8 20. Nc4 Rd8 21. c3 g5 22. Bc2 Kg7 23. Re5 Kf6 24. Rde1 Nf4 25. Ra5
a6 {Poetz,F (2255)-Ress,T (2152) Hungary 2008 1/2-1/2}) 11... Nbd5 12. Ne4 Nxe4
13. Bxe7 Qxe7 14. Qxe4 Qf6 15. Ne5 Rd8 16. Rd3 Qf5 17. Qh4 Qf6 18. Qe4 Qf5 19.
Qh4 Qf6 20. Qe4 1/2-1/2

[Event "Sampa Chess Open 2024"]
[Site "Sao Paulo"]
[Date "2024.01.30"]
[Round "2.32"]
[White "Santana, Expedito"]
[Black "Lima, Hamilton Da Silva"]
[Result "0-1"]
[WhiteElo "1408"]
[BlackElo "1778"]
[PlyCount "74"]
[EventDate "2024.01.29"]
[EventRounds "9"]
[EventCountry "BRA"]

1. d4 Nf6 2. Bf4 d5 3. e3 e6 4. Nf3 Nbd7 5. Nbd2 Be7 6. Bd3 c5 7. c3 Nh5 8. Bg3
Nxg3 ({RR} 8... b6 9. Qe2 Bb7 10. Rd1 Rc8 11. Bb5 Nxg3 12. hxg3 Bc6 13. e4 Bxb5
14. Qxb5 O-O 15. Qe2 Re8 16. Kf1 Nf6 17. Kg1 cxd4 18. e5 Nd7 19. Nxd4 Bc5 20.
Qh5 h6 21. N2f3 f6 22. Rh4 fxe5 23. Nxe5 {Andersen,D (2300)-Christensen,T 
(2380) Tonder 1993 1-0 (34)}) ({RR} 8... c4 9. Bc2 b5 10. e4 Bb7 11. e5 b4 12.
O-O bxc3 13. bxc3 Bc6 14. Qe2 Rb8 15. Rfb1 Nxg3 16. hxg3 O-O 17. g4 Qa5 18. Qe3
Rxb1+ 19. Nxb1 Rb8 20. a4 Qb6 21. Ra2 Qd8 22. Qc1 Rb7 23. g3) 9. fxg3 $146 ({RR
} 9. hxg3 h6 ({RR} 9... cxd4 10. exd4 Qb6 11. Qc2 g6 12. O-O-O a5 13. Kb1 Kf8
14. Rde1 a4 15. c4 Nf6 16. c5 Qa5 17. Ne5 Bd7 18. Bxg6 fxg6 19. Nxg6+ hxg6 20.
Rxh8+ Kg7 21. Rxa8 Qxa8 22. Nf3 Qa5 23. Rh1 Ne4 24. Ne5) 10. Rc1 a6 11. a4 Rb8
12. Qe2 {1/2-1/2 (12) Csiszar,C (2355)-Kozlova,O (2240) Pecs 1997}) ({RR} 9.
hxg3 Nf6 10. Ne5 Bd7 ({RR} 10... h6 11. f4 Qb6 12. b3 Nd7 13. Ndf3 Nxe5 14.
Nxe5 Bf6 15. Qe2 Bxe5 16. fxe5 Bd7 17. O-O Rf8 18. Rac1 O-O-O 19. Qg4 g5 20.
Rf6 Rh8 21. Rxf7 Qa5 22. Qe2 Kb8 23. Qf2 Qa3 24. Rf1 c4 25. bxc4) ({RR} 10...
c4 11. Bc2 Bd7 12. g4 g6 13. g5 Nh5 14. Rxh5 gxh5 15. Qxh5 Rf8 16. g6 hxg6 17.
Bxg6 Bf6 18. Nxf7 Rxf7 19. Qh7 Ke7 20. Qxf7+ Kd6 21. e4 Be7 22. Qf4+ Kc6 23. e5
Bg5 24. Qg4 Qe7 25. f4) 11. g4 g6 12. g5 Nh5 13. Qf3 f5 14. Rxh5 O-O 15. Rh1
Bxg5 16. Qh3 Qe7 17. Nxg6 Qg7 18. Nxf8 Rxf8 19. f4 Be7 20. O-O-O cxd4 21. exd4
b5 22. g4 Kh8 23. Rdg1 Qf7 {Moreira,I (1737)-Da Silva,L (1800) Florianopolis
2024 1-0}) ({RR} 9. hxg3 h6 10. Qc2 Qc7 11. g4 cxd4 12. exd4 b6 13. g5 Bb7 14.
gxh6 Rxh6 15. Rxh6 gxh6 16. O-O-O O-O-O 17. Rh1 Rh8 18. g4 Qf4 19. Qa4 Qxg4 20.
Qxd7+ Kxd7 21. Ne5+ Kd6 22. Nxg4 h5 23. Ne5 Kc7 {Petrova,I (2013)-Petushinsky,
A Alushta 2010 1-0 (38)}) ({RR} 9. hxg3 h6 10. Ne5 Nf6 11. g4 Rf8 12. f4 Bd6
13. Ndf3 Bd7 14. g5 Bxe5 15. Nxe5 hxg5 16. fxg5 Ng8 17. Qh5 g6 18. Bxg6 fxg6
19. Nxg6 Bb5 20. Nxf8+ Kxf8 21. O-O-O Ke7 22. Qh8 Kd7 23. Rh7+ Ne7 {Reiter,B 
(1805)-Glaser,A (1989) Germany 2011 1-0 (31)}) 9... Qc7 10. O-O e5 11. dxe5
Nxe5 12. Nxe5 Qxe5 13. Bb5+ Bd7 14. Bxd7+ Kxd7 15. Qa4+ Kc7 16. Qf4 Qxf4 17.
gxf4 Rad8 18. Rad1 f5 19. Nf3 Bf6 20. Rd2 Rhe8 21. Kf2 g6 22. Rfd1 Kc6 23. g3
b5 24. h4 a5 25. a3 Re4 26. Ne1 b4 27. cxb4 axb4 28. axb4 Rxb4 29. Nd3 Rb7 30.
Rc1 c4 31. Rdc2 Rdb8 32. Ne5+ Bxe5 33. fxe5 Re8 34. Kf3 Rxe5 35. Kf4 Re4+ 36.
Kf3 Rb3 37. Rc3 Rb7 0-1

[Event "Sampa Chess Open 2024"]
[Site "Sao Paulo"]
[Date "2024.01.30"]
[Round "2.33"]
[White "Santos, Abel Cardoso Dos"]
[Black "Bomeisel, Pedro Rangel"]
[Result "1-0"]
[WhiteElo "1854"]
[BlackElo "1385"]
[PlyCount "55"]
[EventDate "2024.01.29"]
[EventRounds "9"]
[EventCountry "BRA"]

1. e4 c6 2. d4 d5 3. Nc3 dxe4 4. Nxe4 Bf5 5. Ng3 Bg6 6. h4 h6 7. Nf3 Nd7 8. h5
Bh7 9. Bd3 Bxd3 10. Qxd3 e6 11. Bd2 Ngf6 12. O-O-O Bd6 13. Ne4 Nxe4 14. Qxe4
Nf6 15. Qe2 Qc7 16. Kb1 O-O-O 17. c4 c5 18. Bc3 cxd4 19. Nxd4 Bc5 20. Nb3 e5
$146 ({RR} 20... Qc6 21. f3 Be7 22. Bd4 a6 23. Qe3 Kb8 24. Qc3 Rc8 25. Na5 Qa4
26. Bb6 Qb4 27. Qxb4 Bxb4 28. b3 Bc5 29. Bxc5 Rxc5 30. b4 Rcc8 31. c5 Rhd8 32.
Kc1 Kc7 33. a3 Rxd1+ 34. Kxd1 Rd8+ 35. Kc2 {Boer,L (2226)-Karolyfalvi,Z (2180)
Hungary 2002 1/2-1/2 (45)}) 21. Bxe5 Rde8 22. f4 Bd6 23. Rhe1 Bxe5 24. fxe5 Nd7
25. Qg4 Rhg8 26. Rd5 b6 27. c5 Qc6 28. Red1 1-0

[Event "Sampa Chess Open 2024"]
[Site "Sao Paulo"]
[Date "2024.01.30"]
[Round "2.34"]
[White "Da Cunha, Gabriela Goes"]
[Black "Barroso, Daniele Silva"]
[Result "1/2-1/2"]
[WhiteElo "1837"]
[BlackElo "1349"]
[PlyCount "69"]
[EventDate "2024.01.29"]
[EventRounds "9"]
[EventCountry "BRA"]

1. d4 d5 2. c4 e6 3. cxd5 exd5 4. Nc3 c6 5. Nf3 h6 6. Bf4 Nf6 7. e3 Bd6 8. Bxd6
Qxd6 9. Bd3 O-O 10. Qc2 b5 $146 ({RR} 10... Nbd7 11. O-O b6 12. Na4 Bb7 13.
Rab1 Rac8 14. b4 Rfe8 15. Bf5 Rc7 16. Rfd1 Re7 17. Nc5 Bc8 18. Nd3 g6 19. Bh3
Kg7 20. Nde5 Nb8 21. Bxc8 Rxc8 22. Rb3 Rec7 23. Qb2 Nbd7 24. Nxd7 Nxd7 25. Ne1
{Rebano,M-Lluch,V Greenhills 1997 0-1 (60)}) 11. O-O a5 12. Rac1 Ba6 13. Ne5 b4
14. Na4 Bxd3 15. Qxd3 Nfd7 16. Nxd7 Nxd7 17. Nc5 Nb6 18. b3 Rfc8 19. Rc2 Rc7
20. Rfc1 Nd7 21. h3 Nf6 22. e4 dxe4 23. Nxe4 Nxe4 24. Qxe4 Rd8 25. Rxc6 Rxc6
26. Rxc6 Qxd4 27. Qxd4 Rxd4 28. Rc5 Rd1+ 29. Kh2 Rd2 30. Rxa5 Rxf2 31. Ra4 Kf8
32. Kg3 Rc2 33. Rxb4 Rxa2 34. Rb7 g5 35. b4 1/2-1/2

[Event "Sampa Chess Open 2024"]
[Site "Sao Paulo"]
[Date "2024.01.30"]
[Round "2.38"]
[White "Goncalves, Ricardo Henrique Si"]
[Black "Silva, Juliana Figueira Th"]
[Result "0-1"]
[WhiteElo "1800"]
[BlackElo "1747"]
[PlyCount "100"]
[EventDate "2024.01.29"]
[EventRounds "9"]
[EventCountry "BRA"]

1. e4 c5 2. Nf3 d6 3. d4 cxd4 4. Nxd4 Nf6 5. Nc3 a6 6. g3 e5 7. Nde2 Be7 8. Bg2
Be6 9. O-O Qd7 ({RR} 9... Nbd7 10. h3 {1/2-1/2 (10) Minasian,A (2567)
-Anastasian,A (2548) Ubeda 2001}) ({RR} 9... b5 10. a4 b4 11. Nd5 Nxd5 12. exd5
Bf5 13. c4 Nd7 14. Be3 Rc8 15. b3 a5 16. f4 Bg4 17. h3 Bxe2 18. Qxe2 O-O 19. f5
Bg5 20. Bf2 g6 21. Be4 Qe8 22. Kg2 Bd8 23. Be3 Bf6 24. Rf2 {Gazineu Neto,R 
(1931)-Carstens Dobuchak,T (2179) Cuiaba MT 2021 1/2-1/2}) 10. Bg5 O-O $146 ({
RR} 10... h6 11. Bxf6 Bxf6 12. Qd2 O-O 13. Rad1 Rd8 14. Qe3 Qc7 15. a3 Nd7 16.
Rd2 Nb6 17. b3 Qc5 18. Rfd1 Qxe3 19. fxe3 Be7 20. a4 Rac8 21. h3 Rc5 22. Nd5
Nxd5 23. exd5 Bf5 24. c3 h5 25. Kf2 {Stopa,J (2460)-Movsisyan,V (2233) Herceg
Novi 2005 1/2-1/2 (60)}) ({RR} 10... Nc6 11. Bxf6 Bxf6 12. Nd5 Bd8 13. a4 h5
14. f4 Bg4 15. Qd2 h4 16. f5 Rc8 17. Bf3 Bh3 18. Rf2 Ne7 19. Nec3 Rc4 20. a5
Rd4 21. Qe2 Nc6 22. Bg4 Bxg4 23. Qxg4 Kf8 24. gxh4 Rxh4 25. Qg3 {Salazar Gould,
M (1871)-Rivera,I (2174) Cartagena COL 2019 0-1 (40)}) 11. Bxf6 Bxf6 12. Nd5
Bxd5 13. Qxd5 Nc6 14. c3 b5 15. Rad1 Rfd8 16. Rd2 Na5 17. b3 Nb7 18. Rfd1 Rac8
19. h3 g6 20. b4 Rc4 21. f4 Qc8 22. Kh1 Rc7 23. Rd3 exf4 24. gxf4 Re8 25. Rg3
Bg7 26. Qb3 Rc4 27. Nd4 Nd8 28. Bf1 Rc7 29. Nf3 Rc6 30. Nd4 Rc7 31. Rgd3 Bh6
32. Ne2 Ne6 33. Rf3 Rc4 34. Re3 Qb7 35. Ng3 Rc7 36. Ne2 Ng7 37. Qc2 Nh5 38. Bg2
Rc4 39. Rf1 Qe7 40. Qd3 f5 41. e5 Nxf4 42. Nxf4 Rxf4 43. Bd5+ Kh8 44. Rxf4 Bxf4
45. Rf3 dxe5 46. Rf1 Bh6 47. a4 e4 48. Qe2 Qd6 49. Bb3 Qd3 50. Qh2 Qxf1+ 0-1

[Event "Sampa Chess Open 2024"]
[Site "Sao Paulo"]
[Date "2024.01.30"]
[Round "2.40"]
[White "Matsuura, Everaldo"]
[Black "Gazineu Neto, Rubens"]
[Result "1-0"]
[WhiteElo "2410"]
[BlackElo "1912"]
[PlyCount "49"]
[EventDate "2024.01.29"]
[EventRounds "9"]
[EventCountry "BRA"]

1. e4 c5 2. Nf3 Nc6 3. c3 d5 4. exd5 Qxd5 5. d4 Nf6 6. Be2 e6 7. O-O Be7 8. Be3
Ng4 9. Bf4 O-O 10. c4 Qf5 11. Bc7 cxd4 12. Nxd4 Nxd4 13. Qxd4 e5 $146 ({RR} 
13... Nf6 14. Bf3 Bc5 15. Qe5 Qxe5 16. Bxe5 Nd7 17. Bc7 Bd4 18. Nc3 Ne5 19. Be2
Nc6 20. Nb5 Bxb2 21. Rab1 Be5 22. Bxe5 Nxe5 23. Rfd1 g5 24. Rb3 h6 25. h4 gxh4
26. Re3 Ng6 27. Bf3 a6 28. Nd6 {Antonio,R (2525)-Soria,R Manila 1995 1-0 (43)})
14. Qxg4 Qxg4 15. Bxg4 Bxg4 16. Bxe5 Rfe8 17. Nc3 Ba3 18. Nb5 Rxe5 19. Nxa3 Re2
20. f3 Bf5 21. Rf2 Rae8 22. Nb5 Re1+ 23. Rf1 Rxa1 24. Rxa1 Re2 25. Nd4 1-0

[Event "Sampa Chess Open 2024"]
[Site "Sao Paulo"]
[Date "2024.01.30"]
[Round "2.41"]
[White "Santos, Marcus Vinicius Mor"]
[Black "Jorge, Denrick Cabral Jose"]
[Result "1-0"]
[WhiteElo "2331"]
[BlackElo "1874"]
[PlyCount "100"]
[EventDate "2024.01.29"]
[EventRounds "9"]
[EventCountry "BRA"]

1. e4 c5 2. Nc3 Nc6 3. Bb5 Nd4 4. Nf3 Nxb5 5. Nxb5 d5 6. exd5 a6 7. Nc3 Nf6 8.
d4 Nxd5 9. dxc5 Nxc3 10. Qxd8+ Kxd8 11. bxc3 f6 12. Be3 e5 13. Nd2 Be6 $146 ({
RR} 13... Kc7 14. Rb1 Be6 15. Rb6 Bd5 16. O-O Be7 17. c4 Bc6 18. f4 Rhd8 19.
Nb3 Rab8 20. h3 Be4 21. fxe5 fxe5 22. Rf7 Rd7 23. Rxg7 Bd8 24. Rxd7+ Kxd7 25.
Rd6+ Kc7 26. Bd2 Be7 27. Ba5+ Kc8 28. Rd2 {Perrin,G (2309)-Huguet,E (1943) Gif
sur Yvette 2010 1/2-1/2 (42)}) 14. Ne4 Kc7 15. O-O f5 16. Nd6 b6 17. f4 e4 18.
Rfb1 bxc5 19. Nb7 Rb8 20. Nxc5 Bxc5 21. Bxc5 Rxb1+ 22. Rxb1 Bxa2 23. Ra1 Bc4
24. Bd4 Kc6 25. Ra5 Kb7 26. Rxf5 Ra8 27. Ra5 Rf8 28. g3 g6 29. Kf2 Rf5 30. Be5
Kb6 31. Ra1 Rf8 32. Bd4+ Kc6 33. Ke3 Ra8 34. Ra5 Kb7 35. g4 Bb5 36. f5 gxf5 37.
gxf5 Rg8 38. Ra1 Rg2 39. f6 Bc4 40. Kxe4 Rxh2 41. Rg1 h5 42. Rg7+ Kc6 43. f7
Bd5+ 44. Kf5 Bxf7 45. Rxf7 Rxc2 46. Ke4 h4 47. Rf6+ Kb5 48. Rb6+ Ka5 49. Rb4
Re2+ 50. Kd5 Rd2 1-0

[Event "Sampa Chess Open 2024"]
[Site "Sao Paulo"]
[Date "2024.01.30"]
[Round "2.42"]
[White "Leon Lopes, Sergio Amadeus"]
[Black "Melian, Juan Sebastian"]
[Result "0-1"]
[WhiteElo "1858"]
[BlackElo "2238"]
[PlyCount "100"]
[EventDate "2024.01.29"]
[EventRounds "9"]
[EventCountry "BRA"]

1. e4 c5 2. Nf3 e6 3. d3 Nc6 4. g3 d5 5. Nbd2 g6 6. Bg2 Bg7 7. O-O Nge7 8. Re1
O-O 9. c3 b6 10. Qc2 ({RR} 10. a4 Bb7 11. exd5 exd5 12. Nb3 h6 13. d4 c4 14.
Nbd2 Qd7 15. Ne5 Nxe5 16. dxe5 Rad8 17. Nf3 Nc6 18. Be3 Rfe8 19. Bd4 Qc7 20.
Re3 Bc8 21. h3 Re7 22. Qe2 Bf5 23. Re1 h5 24. Ng5 Bd3 {Todorcevic,M (2475)
-Benjamin,J (2575) Szirak 1987 1-0 (43)}) 10... a5 ({RR} 10... Ba6 11. Bf1 d4
12. c4 Rc8 13. a3 Qd6 14. Rb1 b5 15. cxb5 Bxb5 16. b3 Ne5 17. Nxe5 Qxe5 18. Nc4
Bxc4 19. bxc4 Rb8 20. Rxb8 Rxb8 21. Bf4 Ra8 {1-0 (21) Matveev,A (2035)
-Strnadova,M (1590) Prague CZE 2021}) 11. a4 Ba6 12. Bf1 Qc7 $146 ({RR} 12...
Qd7 13. h4 Rfd8 14. Nb3 Rac8 15. Bg5 h6 16. Bxe7 Nxe7 17. Nbd2 Nc6 18. Qb3 Qc7
19. Rac1 Rd7 20. exd5 Rxd5 21. Nc4 Bxc4 22. dxc4 Rd7 23. Rcd1 Rcd8 24. Rxd7
Rxd7 25. Rd1 Rxd1 26. Qxd1 Qd8 27. Qe2 {Zahn,N (2065)-Hausmann,I (2090)
Germany 1996 1/2-1/2 (63)}) 13. Nh4 g5 14. Ng2 Ng6 15. exd5 exd5 16. Ne3 Nge7
17. Nf3 h6 18. h4 f6 19. Bh3 Rad8 20. Nf5 Nxf5 21. Bxf5 Bc8 22. d4 Bxf5 23.
Qxf5 Qd7 24. Qxd7 Rxd7 25. Re6 Rc8 26. g4 Kf7 27. Re2 cxd4 28. Nxd4 Nxd4 29.
cxd4 Rdc7 30. Be3 Bf8 31. hxg5 hxg5 32. Kg2 Bd6 33. Rh1 Rc2 34. Rxc2 Rxc2 35.
Rb1 Kg6 36. Kf3 Kf7 37. b3 Ke6 38. Rc1 Rb2 39. Rc3 Kd7 40. Rd3 Bb4 41. Kg3 Kc6
42. f4 gxf4+ 43. Bxf4 b5 44. axb5+ Kxb5 45. g5 fxg5 46. Bxg5 Rc2 47. Kf3 Bc3
48. Be7 a4 49. bxa4+ Kc4 50. Rxc3+ Kxc3 0-1

[Event "Sampa Chess Open 2024"]
[Site "Sao Paulo"]
[Date "2024.01.30"]
[Round "2.43"]
[White "De Paula, Luan Araujo"]
[Black "Terao, Juliana Sayumi"]
[Result "0-1"]
[WhiteElo "1863"]
[BlackElo "2198"]
[PlyCount "86"]
[EventDate "2024.01.29"]
[EventRounds "9"]
[EventCountry "BRA"]

1. e4 c5 2. Nf3 e6 3. d4 cxd4 4. Nxd4 a6 5. c4 Nf6 6. Nc3 Qc7 7. a3 b6 8. Be2
Bb7 9. f3 Nc6 ({RR} 9... Be7 10. Be3 O-O 11. O-O d6 12. Qd2 Nbd7 13. Rac1 Rfc8
14. Rfd1 Rab8 15. b4 Ba8 16. Bf1 Qd8 17. Na4 Ne5 18. Qf2 Qe8 19. b5 Bd8 20. Nb2
a5 21. Nb3 Qe7 22. Na4 Nfd7 23. Qb2 Bc7 24. Bf2 {Smeets,J (2651)-Grischuk,A 
(2756) Nice 2010 0-1 (45)}) ({RR} 9... Be7 10. Be3 O-O 11. Rc1 d6 12. b4 Nbd7
13. O-O Rac8 14. Qd2 Rfe8 15. Rc2 Qb8 16. Rb1 Bd8 17. Kh1 Bc7 18. Bg1 h5 19.
Na4 h4 20. c5 dxc5 21. bxc5 Bf4 22. Qe1 bxc5 23. Nb3 Qa8 24. Nbxc5 {Triapishko,
A (2506)-Bharath,S (2476) chess.com INT 2022 0-1 (55)}) 10. Be3 Ne5 11. Rc1 h5
$146 ({RR} 11... Ng6 12. Qd2 Rc8 13. g3 h5 14. Na4 h4 15. g4 Rb8 16. b4 d6 17.
O-O Nd7 18. Rfd1 Be7 19. Nb3 Bc6 20. Nc3 O-O 21. Nd5 Bxd5 22. cxd5 Qb7 23. dxe6
fxe6 24. Nd4 Nde5 25. Rf1 Rf6 26. g5 {Gorlovetsky,S (2203)-Kruglyakov,P Kiev
2002 1-0}) ({RR} 11... d6 12. O-O Be7 13. Qd2 O-O 14. b4 Rac8 15. Na4 Rfe8 16.
Rfd1 Ned7 17. Nb3 Qb8 18. Nxb6 Nxb6 19. Bxb6 Bxe4 20. Bf2 Bc6 21. Rb1 Ba4 22.
Rdc1 Nd7 23. Nd4 Ne5 24. c5 Bb5 25. f4 Ng6 26. Nxb5 {Vrolijk,L (2445)-Schramm,
C (2371) Werder Bremen GER 2019 1-0 (42)}) ({RR} 11... Ng6 12. Qd2 h5 13. O-O
h4 14. b4 Bd6 15. Kh1 Bxh2 16. f4 Bg3 17. c5 bxc5 18. bxc5 Nxe4 19. Nxe4 Bxe4
20. c6 d5 21. Qb4 Rb8 22. Qa4 h3 23. Bf3 hxg2+ 24. Kxg2 Bxf4 25. Bxe4 dxe4 26.
Bxf4 {Nastore,P (2242)-Marcziter,D (2243) chess.com INT 2021 0-1 (37)}) 12. Qd2
Rc8 13. O-O Be7 14. h3 h4 15. f4 Ng6 16. Bf3 Qb8 17. e5 Nh5 18. Bxh5 Rxh5 19.
Rce1 Rh8 20. f5 Nxe5 21. fxe6 dxe6 22. Bf4 Nxc4 23. Qe2 e5 24. Bxe5 Qxe5 25.
Qxe5 Nxe5 26. Rxe5 f6 27. Re2 Kf7 28. Nf3 Bc5+ 29. Kh1 Rhe8 30. Rxe8 Kxe8 31.
Nxh4 Bxa3 32. Nf5 Bf8 33. h4 b5 34. h5 b4 35. Ne2 Rc2 36. Nf4 Rxb2 37. Re1+ Kf7
38. Rc1 Be4 39. Rc7+ Kg8 40. Ne7+ Bxe7 41. Rxe7 Bc6 42. Rc7 Rc2 43. h6 Bxg2+
0-1